000 00609nam a2200241Ia 4500
003 OSt
005 20221005092826.0
006 a|||||r|||| 00| 0
007 ta
008 221004b |||||||| |||| 00| 0 eng d
024 _a77161
037 _cTextual
040 _aCRL
_cCRL
_beng
041 _2eng
_aeng
082 _aO111,3N25,C, J8
100 _aWain John
245 0 _aContenders
260 _aNew York
_bSt Martin's Press USA
_c1958
300 _a278p.
_ccm.
650 _aENGLISH LITERATURE
942 _hO111,3N25,C, J8
_cTEXL
_2cc
999 _c999423
_d999423